书目信息 |
| 题名: |
永不放弃
|
|
| 作者: | 汉纳 著 ;荀靓 译 | |
| 分册: | ||
| 出版信息: | 北京 北京师范大学出版社 2008 |
|
| 页数: | 166页 | |
| 开本: | 24cm | |
| 丛书名: | ||
| 单 册: | ||
| 中图分类: | B848.4 | |
| 科图分类: | ||
| 主题词: | 成功心理--通俗读物 , 成功心理 | |
| 电子资源: | ||
| ISBN: | 978-7-303-09321-2 | |
| 000 | 00899nam0 2200265 45 | |
| 001 | 1029876695 | |
| 005 | 20100428142733.62 | |
| 010 | @a978-7-303-09321-2@dCNY24.00 | |
| 100 | @a20100420d2008 em y0chiy50 ea | |
| 101 | 0 | @achi |
| 102 | @aCN@b110000 | |
| 105 | @ay z 000yy | |
| 106 | @ar | |
| 200 | 1 | @a永不放弃@AYong Bu Fang Qi@dDon't give up@f(澳) 保罗·汉纳(Paul Hanna)著@F( Ao ) Bao Luo· Han Na (Paul Hanna) Zhu@g荀靓译@zeng |
| 210 | @a北京@c北京师范大学出版社@d2008 | |
| 215 | @a166页@d24cm | |
| 330 | @a 本书作者和我们分享了他如何濒临绝境,又如何绝处缝生,并同时穿插了许多他所帮助过人们的那些激荡人心的故事。 | |
| 510 | 1 | @aDon't give up@zeng |
| 606 | 0 | @a成功心理@j通俗读物 |
| 606 | 0 | @a成功心理 |
| 690 | @aB848.4@v4 | |
| 701 | 1 | @a汉纳@AHan Na@g(Hanna, Paul)@4著 |
| 702 | 0 | @a荀靓@AXun Liang@4译 |
| 801 | 0 | @aCN@bTANGWEI@c20100428 |
| 905 | @b0593556-60@dB848.4@e1012@f5 | |
| 永不放弃=Don't give up/(澳) 保罗·汉纳(Paul Hanna)著/荀靓译.-北京:北京师范大学出版社,2008 |
| 166页;24cm |
| ISBN 978-7-303-09321-2:CNY24.00 |
| 本书作者和我们分享了他如何濒临绝境,又如何绝处缝生,并同时穿插了许多他所帮助过人们的那些激荡人心的故事。 |
| ● |
| 相关链接 |
|
|
|
|
正题名:永不放弃
索取号:B848.4/1012
 
预约/预借
| 序号 | 登录号 | 条形码 | 馆藏地/架位号 | 状态 | 备注 |
| 1 | 0593556 | 205935568 | 第一样本阅览室/ [索取号:B848.4/1012] | 在馆 | |
| 2 | 0593557 | 205935577 | 第一借阅区/ [索取号:B848.4/1012] | 在馆 | |
| 3 | 0593558 | 205935586 | 第一借阅区/ [索取号:B848.4/1012] | 在馆 | |
| 4 | 0593559 | 205935595 | 第一借阅区/ [索取号:B848.4/1012] | 在馆 | |
| 5 | 0593560 | 205935602 | 第一借阅区/ [索取号:B848.4/1012] | 在馆 |